01014nmc a2200313 a 4500003000900000005001700009008004100026020001800067040001300085100002000098245011000118250001200228260004400240300002300284490004500307521001000352650002100362650002300383650003100406653002400437653002700461653002600488653003100514653002500545653003300570700002000603700004300623700003400666AR-BaBNM20251128205531.0017119s1997 ||||||||||||||000 | spa|| a987-95789-6-1 cAR-BaBNM1 aRebuffo, Roxana10aEducar en la integración y los derechos humanosbuna mirada desde lo cotidiano : 1er ciclo de la E.G.B. a1ª ed. aBuenos AiresbProvisión Escolarc19970 a77 p.bdiagr., il. 0aTemas transversales 1er. ciclo de la EGB aEGB 1 4aDERECHOS HUMANOS 4aINTEGRACION SOCIAL 4aACTIVIDADES DE APRENDIZAJE 0aTEMAS TRANSVERSALES 0aPRIMER CICLO DE LA EGB 0aEDUCACION DEMOCRATICA 0aEDUCACION EN LA DIVERSIDAD 0aEDUCACION EN VALORES 0aEDUCACION PARA LA TOLERANCIA1 aLamas, Mónica1 aSombielle, María Inésecolaborador1 aSabaté, Danielecolaborador